Normal view
MARC view
- Sulla, Nancy, author
Entry Personal Name
001 - CONTROL NUMBER
- control field: 40276
003 - CONTROL NUMBER IDENTIFIER
- control field: OSt
005 - DATE AND TIME OF LATEST TRANSACTION
- control field: 20191011090706.0
008 - FIXED-LENGTH DATA ELEMENTS
- fixed length control field: 191011|| aca||aabn | a|a d
040 ## - CATALOGING SOURCE
- Original cataloging agency: OSt
- Transcribing agency: OSt
100 ## - HEADING--PERSONAL NAME
- Personal name: Sulla, Nancy, author
670 ## - SOURCE DATA FOUND
- Source citation: Work cat.: (OSt): Sulla, Nancy, author, Students taking charge in grades K-5 : , ©2019
